| 000 | 00712nam a22002057a 4500 | ||
|---|---|---|---|
| 005 | 20081021102049.0 | ||
| 008 | 081021t xxu||||| |||| 00| 0 eng d | ||
| 010 | _aENG-84199 | ||
| 020 | _a0195683951 | ||
| 020 | _c625.00 (hb) | ||
| 035 | _aEN-67732 | ||
| 082 | _a380.145675 | ||
| 100 | _aSankar, U | ||
| 245 |
_aTrade and environment: _ba study of India's leather exports / _cby U Sankar |
||
| 260 |
_aNew Delhi _bOxford University Press |
||
| 260 | _c2007 | ||
| 300 |
_axix,299p _c22cm |
||
| 942 |
_2ddc _cEN _h380.145675 _mSAN |
||
| 999 |
_c17161 _d17161 |
||